000 01223nam a2200361 a 4500
001 000114807
003 CHAP
005 20220329144459.0
008 180417s1995 es a |r ||0|0|spa d
010 _a111268
011 _a112240
020 _a84-491-0144-1 (MAPA)
020 _a84-491-0145-X (Obra Completa)
020 _a8471145081 (Mundi Prensa)
040 _cCHAP
082 0 4 _a634 G5 1995
100 0 0 _aGil-Albert Velarde, Fernando
_947964
245 1 0 _aTratado de arboricultura frutal /
_cpor Fernando Gil-Albert Velarde.
250 _a2 ed. rev.
260 _aMadrid :
_bMinisterio de Agricultura, Pesca y Alimentación :
_bMundi Prensa,
_c1995.
300 _av. :
_bil., gráfs., cuadros.
500 _aLa biblioteca tiene: v.4 Técnicas de mantenimiento del suelo en plantaciones frutales.
590 _aE8697GMM
_b05
_c20180417
_lUCH01
_h1345
590 _aE8697GMM
_b05
_c20180417
_lUCH01
_h1350
590 _aE8697GMM
_b05
_c20180417
_lUCH01
_h1419
650 1 4 _aArboles frutales
_xEfecto del clima
_96671
650 1 4 _aArboles frutales
_xFisiologia y morfologia
_96677
650 1 4 _aArboricultura
_96699
650 1 4 _aEcología vegetal.
_935188
901 _aBK
942 _cLIBRO
942 _n0
999 _c111268
_d111268